000
00376nam a2200169Ia 4500
008
151213s9999 xx 000 0 und d
020
_a
812591683-0
100
_a
Mc Kuchal
245
_a
Mercantile Law
_c
Mc Kuchal
250
_a
6th
260
_a
New Delhi
_b
Vikas
_c
2005
300
_a
7846 p.
650
_a
Law
650
_a
Law
700
_a
Mc Kuchal
999
_c
4043
_d
4043